[Event "Kimry-ch"]
[Site "Kimry"]
[Date "2003.??.??"]
[Round "6"]
[White "Pakhteev, Yury"]
[Black "Zakharov, Ivan D"]
[Result "1/2-1/2"]
[WhiteElo "2000"]
[BlackElo "2170"]
[PlyCount "90"]
[EventDate "2003.??.??"]
[EventType "swiss"]
[EventRounds "9"]
[EventCountry "RUS"]
[SourceTitle "EXT 2007"]
[Source "ChessBase"]
[SourceDate "2006.11.23"]
[SourceVersion "1"]
[SourceVersionDate "2006.11.23"]
[SourceQuality "1"]

1. d4 Nf6 2. Bg5 Ne4 3. Bh4 c5 4. f3 g5 5. fxe4 gxh4 6. e3 Qb6 7. Nc3 e6 8. Nf3 a6 9. Na4 Qa5+ 10. c3 d6 11. dxc5 dxc5 12. Ne5 b5 13. Nxf7 Kxf7 14. Qh5+ Kg8 15. Qg5+ Bg7 16. 0-0-0 Nd7 17. Nxc5 h6 18. Qe7 Nxc5 19. Qxc5 e5 20. Qd5+ Kh7 21. Qxa8 Bg4 22. Qd5 Bxd1 23. Qxd1 Qxa2 24. Be2 Qa1+ 25. Kc2 Qa5 26. Bg4 Rd8 27. Bf5+ Kh8 28. Qa1 Qb6 29. Rd1 Rd6 30. Rxd6 Qxd6 31. Qd1 Qxd1+ 32. Kxd1 a5 33. Kc2 Bf8 34. Bd7 b4 35. c4 Kg7 36. Kb3 Kf7 37. Ka4 Ke7 38. Bf5 Kd6 39. Kb5 Kc7 40. Be6 a4 41. Kxa4 Kc6 42. Ka5 Be7 43. b3 Kc5 44. Bd5 Bg5 45. Ka6 Bxe3 1/2-1/2

[Event "Kimry-ch"]
[Site "Kimry"]
[Date "2003.??.??"]
[Round "1"]
[White "Romanko, Vladimir"]
[Black "Zakharov, Ivan D"]
[Result "0-1"]
[WhiteElo "2080"]
[BlackElo "2170"]
[PlyCount "104"]
[EventDate "2003.??.??"]
[EventType "swiss"]
[EventRounds "9"]
[EventCountry "RUS"]
[SourceTitle "EXT 2007"]
[Source "ChessBase"]
[SourceDate "2006.11.23"]
[SourceVersion "1"]
[SourceVersionDate "2006.11.23"]
[SourceQuality "1"]

1. e4 e5 2. Nf3 Nc6 3. d4 exd4 4. Nxd4 Bc5 5. Nxc6 Qf6 6. Qd2 dxc6 7. Nc3 Bd7 8. Bd3 0-0-0 9. 0-0 Ne7 10. Qg5 Qxg5 11. Bxg5 f6 12. Bd2 a6 13. Rae1 Ng6 14. Kh1 Ne5 15. Be3 Bxe3 16. Rxe3 Be6 17. f4 Nc4 18. Bxc4 Bxc4 19. Rf2 b5 20. b3 Bf7 21. Kg1 Rhe8 22. Kf1 b4 23. Na4 Rd1+ 24. Re1 Rxe1+ 25. Kxe1 Rxe4+ 26. Kd2 Rd4+ 27. Ke3 Rd5 28. c4 bxc3 29. Nxc3 Rh5 30. g3 Ra5 31. Na4 c5 32. Kd3 c4+ 33. Kc3 cxb3 34. axb3 Rb5 35. b4 a5 36. bxa5 Rb3+ 37. Kc2 Ra3 38. Nc3 Rxa5 39. Re2 Kd7 40. Rd2+ Ke7 41. Re2+ Kf8 42. Rd2 Rh5 43. h4 g5 44. Nd5 gxh4 45. Nxf6 Rc5+ 46. Kb2 Kg7 47. Ng4 hxg3 48. Ne5 h5 49. Rg2 h4 50. Nd3 Ra5 51. Kc3 c5 52. Ne5 Ra3+ 0-1

[Event "Kimry-ch"]
[Site "Kimry"]
[Date "2003.??.??"]
[Round "9"]
[White "Zakharov, Ivan D"]
[Black "Asrian, Armen"]
[Result "1/2-1/2"]
[WhiteElo "2170"]
[BlackElo "2215"]
[PlyCount "93"]
[EventDate "2003.??.??"]
[EventType "swiss"]
[EventRounds "9"]
[EventCountry "RUS"]
[SourceTitle "EXT 2007"]
[Source "ChessBase"]
[SourceDate "2006.11.23"]
[SourceVersion "1"]
[SourceVersionDate "2006.11.23"]
[SourceQuality "1"]

1. e4 c5 2. c4 Nc6 3. Nc3 g6 4. Nge2 Bg7 5. g3 d6 6. Bg2 Nf6 7. 0-0 0-0 8. d3 e5 9. h3 Be6 10. Be3 Qd7 11. Kh2 Nh5 12. Qd2 Nd4 13. f4 f5 14. Nd5 Rab8 15. Nec3 a6 16. exf5 Nxf5 17. Bf2 Nd4 18. Bxd4 exd4 19. Ne4 Bxd5 20. cxd5 b5 21. Ng5 Bh8 22. Rae1 Rfe8 23. Ne6 Ng7 24. g4 Nxe6 25. dxe6 Qe7 26. Bd5 Rf8 27. b3 Bg7 28. Kg3 Kh8 29. h4 Rfc8 30. Rc1 Rc7 31. Qe2 Rf8 32. Qe4 Bf6 33. g5 Bg7 34. h5 Rf5 35. hxg6 hxg6 36. Kg4 Kg8 37. Rh1 Rc8 38. Rh2 Rcf8 39. Rf2 Re8 40. Re1 a5 41. Ree2 Ref8 42. a4 b4 43. Rf3 Be5 44. Ref2 Kg7 45. Kh3 Rh8+ 46. Kg2 Rxg5+ 47. fxg5 1/2-1/2

[Event "Moscow-ch"]
[Site "Moscow"]
[Date "2000.??.??"]
[Round "1"]
[White "Zakharov, Ivan D"]
[Black "Belov, Vladimir"]
[Result "0-1"]
[WhiteElo "2056"]
[BlackElo "2389"]
[PlyCount "62"]
[EventDate "2000.05.??"]
[EventType "swiss"]
[EventRounds "9"]
[EventCountry "RUS"]
[SourceTitle "EXT 2001"]
[Source "ChessBase"]
[SourceDate "2000.11.22"]
[SourceVersion "1"]
[SourceVersionDate "2000.11.22"]
[SourceQuality "1"]

1. e4 c5 2. Nf3 d6 3. d4 cxd4 4. Nxd4 Nf6 5. Nc3 e6 6. Be2 a6 7. a4 Be7 8. 0-0 Nc6 9. Be3 Qc7 10. f4 0-0 11. Nb3 b6 12. Bf3 Bb7 13. Qe2 Na5 14. Nxa5 bxa5 15. Rfd1 Bc6 16. Bf2 Qb7 17. Ra3 Rab8 18. Rb3 Qa8 19. Rb6 Rxb6 20. Bxb6 Rb8 21. Bxa5 Rxb2 22. Rd2 Qa7+ 23. Qf2 Qb7 24. Qd4 Nd7 25. Kf1 Nc5 26. Ke2 h6 27. Qc4 Nxa4 28. Qd4 Nc5 29. Kf2 e5 30. fxe5 dxe5 31. Qc4 Nb3 0-1